Photo Quiz: Musicians Named Robert, Bob & Bobby - Statistics

General Stats
  • This quiz has been taken 97 times
  • The average score is 8 of 20
Answer Stats
Picture Hint Answer % Correct
Jamaica 70's Reggae Bob Marley
100%
USA 60's/70's Folk Rock Bob Dylan
88%
UK Pop 90's/00's Robbie Williams
73%
USA Actor/Singer 1930's-60's Bob Hope
66%
UK 70's Rock Robert Plant
64%
UK 70's/80's Rock/Pop Robert Palmer
57%
US Pop Crooner 50's/60's Bobby Darin
55%
UK Alt 80's/90's Robert Smith
55%
Ireland Punk 70's Bob Geldof
54%
USA Rock 70's/80's Bob Seger
48%
USA Blues 1930's Robert Johnson
43%
UK 70's/80's Heavy Metal Rob Halford
33%
USA 60's Pop Ballad Bobby Vinton
19%
USA 60's/70's Rock Robbie Robertson
18%
USA 60's Pop/RocknRoll Bobby Vee
14%
USA Soul 70's/80's Bobby Womack
14%
UK 80's/90's Indie Bobby Gillespie
13%
UK 70's Prog Rock Robert Fripp
13%
UK Rock 70's/80's Robert Wyatt
12%
Australia Rock/Pop 80's/90's Robert Forster
4%
No matching quizzes found
Score Distribution
Percent of People with Each Score
Percentile by Number Answered
Your Score History
You have not taken this quiz